000 00580nam a2200229Ia 4500
003 OSt
005 20221006164302.0
006 a|||||r|||| 00| 0
007 ta
008 221006b |||||||| |||| 00| 0 eng d
024 _a1,478
037 _cTextual
040 _aFML
_cFML
_beng
041 _2eng
_aeng
082 _aV2'F, K0
100 _aMajumdar R C Au.
_9626713
245 0 _aAncient India
260 _aNew Delhi
_bMotilal Banarasidas
_c1960
300 _a538
_ccm.
942 _hV2'F, K0
_cTEXL
_2CC
999 _c1116738
_d1116738